<?xml version="1.0" encoding="UTF-8"?>
<record
    xmlns:xsi="http://www.w3.org/2001/XMLSchema-instance"
    xsi:schemaLocation="http://www.loc.gov/MARC21/slim http://www.loc.gov/standards/marcxml/schema/MARC21slim.xsd"
    xmlns="http://www.loc.gov/MARC21/slim">

  <leader>03859nam a2200577Ia 4500</leader>
  <controlfield tag="001">313</controlfield>
  <controlfield tag="008">241029s9999    xx            000 0 und d</controlfield>
  <datafield tag="010" ind1=" " ind2=" ">
    <subfield code="a">281</subfield>
  </datafield>
  <datafield tag="041" ind1=" " ind2=" ">
    <subfield code="a">Espa&#xF1;ol</subfield>
  </datafield>
  <datafield tag="082" ind1=" " ind2=" ">
    <subfield code="a">NO APLICA</subfield>
  </datafield>
  <datafield tag="245" ind1=" " ind2="0">
    <subfield code="a">Estrategias did&#xE1;cticas implementadas por los docentes del Tercer Grado del Nivel B&#xE1;sico en las &#xE1;reas de Lengua Espa&#xF1;ola y Matem&#xE1;tica de la Escuela B&#xE1;sica Profesora Thelma Mejia del sector de San Isidro Santo Domingo Este, en el a&#xF1;o escolar 2011-2012.</subfield>
  </datafield>
  <datafield tag="260" ind1=" " ind2=" ">
    <subfield code="a">Santo Domingo</subfield>
  </datafield>
  <datafield tag="300" ind1=" " ind2=" ">
    <subfield code="a">127</subfield>
  </datafield>
  <datafield tag="520" ind1=" " ind2=" ">
    <subfield code="a">30</subfield>
  </datafield>
  <datafield tag="630" ind1=" " ind2=" ">
    <subfield code="a">Competencias</subfield>
  </datafield>
  <datafield tag="630" ind1=" " ind2=" ">
    <subfield code="a">Comprensi&#xF3;n Lectora</subfield>
  </datafield>
  <datafield tag="630" ind1=" " ind2=" ">
    <subfield code="a">Docentes</subfield>
  </datafield>
  <datafield tag="630" ind1=" " ind2=" ">
    <subfield code="a">Estrategia</subfield>
  </datafield>
  <datafield tag="630" ind1=" " ind2=" ">
    <subfield code="a">Estudiantes</subfield>
  </datafield>
  <datafield tag="650" ind1=" " ind2=" ">
    <subfield code="a">T&#xE9;cnicas de ense&#xF1;anza</subfield>
  </datafield>
  <datafield tag="690" ind1=" " ind2=" ">
    <subfield code="a">Elaborado</subfield>
  </datafield>
  <datafield tag="700" ind1=" " ind2=" ">
    <subfield code="e">asesor</subfield>
    <subfield code="a">Adames , Adalberto</subfield>
  </datafield>
  <datafield tag="700" ind1=" " ind2=" ">
    <subfield code="e">autor</subfield>
    <subfield code="a">Rosario Col&#xF3;n , F&#xE1;tima Mar&#xED;a </subfield>
  </datafield>
  <datafield tag="700" ind1=" " ind2=" ">
    <subfield code="e">autor</subfield>
    <subfield code="a">Rom&#xE1;n Gonzales , Mary Zeneida</subfield>
  </datafield>
  <datafield tag="901" ind1=" " ind2=" ">
    <subfield code="a">{"1":"Rosario Col&#xF3;n ","2":"Rom&#xE1;n Gonzales "}</subfield>
    <subfield code="b">{"1":"F&#xE1;tima Mar&#xED;a ","2":"Mary Zeneida"}</subfield>
  </datafield>
  <datafield tag="902" ind1=" " ind2=" ">
    <subfield code="a">1</subfield>
  </datafield>
  <datafield tag="903" ind1=" " ind2=" ">
    <subfield code="a">{"1":"Adames "}</subfield>
    <subfield code="b">{"1":"Adalberto"}</subfield>
  </datafield>
  <datafield tag="904" ind1=" " ind2=" ">
    <subfield code="a">Mag&#xED;ster en</subfield>
  </datafield>
  <datafield tag="905" ind1=" " ind2=" ">
    <subfield code="a">Ciencias de la Educaci&#xF3;n</subfield>
  </datafield>
  <datafield tag="906" ind1=" " ind2=" ">
    <subfield code="a">1</subfield>
  </datafield>
  <datafield tag="907" ind1=" " ind2=" ">
    <subfield code="a">Menci&#xF3;n en</subfield>
  </datafield>
  <datafield tag="908" ind1=" " ind2=" ">
    <subfield code="a">Gesti&#xF3;n de Centros Educativos</subfield>
  </datafield>
  <datafield tag="909" ind1=" " ind2=" ">
    <subfield code="a">Universidad Abierta para Adultos (UAPA), Recinto Santo Domingo Oriental</subfield>
  </datafield>
  <datafield tag="910" ind1=" " ind2=" ">
    <subfield code="a">NULL</subfield>
    <subfield code="b">NULL</subfield>
  </datafield>
  <datafield tag="911" ind1=" " ind2=" ">
    <subfield code="a">["1"]</subfield>
  </datafield>
  <datafield tag="912" ind1=" " ind2=" ">
    <subfield code="a">NO APLICA</subfield>
  </datafield>
  <datafield tag="913" ind1=" " ind2=" ">
    <subfield code="a">NULL</subfield>
  </datafield>
  <datafield tag="914" ind1=" " ind2=" ">
    <subfield code="a">06 de Agosto de 2012</subfield>
  </datafield>
  <datafield tag="915" ind1=" " ind2=" ">
    <subfield code="a">24/12/19 04:12</subfield>
  </datafield>
  <datafield tag="916" ind1=" " ind2=" ">
    <subfield code="a">NULL</subfield>
  </datafield>
  <datafield tag="917" ind1=" " ind2=" ">
    <subfield code="a">NULL</subfield>
  </datafield>
  <datafield tag="918" ind1=" " ind2=" ">
    <subfield code="a">NO APLICA</subfield>
  </datafield>
  <datafield tag="919" ind1=" " ind2=" ">
    <subfield code="a">["40","43","70","92","96"]</subfield>
  </datafield>
  <datafield tag="520" ind1=" " ind2=" ">
    <subfield code="a">El prop&#xF3;sito principal de este estudio consisti&#xF3; en determinar las estrategias did&#xE1;cticas implementadas por los docentes del Tercer Grado del Nivel B&#xE1;sico en las &#xE1;reas de Lengua Espa&#xF1;ola y Matem&#xE1;tica en la Escuela Thelma Mej&#xED;a del sector de San Isidro, Santo Domingo Este.Esta investigaci&#xF3;n es de tipo descriptiva, documental y de campo; el m&#xE9;todo que se utilizo fue el deductivo, el estad&#xED;stico y el anal&#xED;tico-sint&#xE9;tico. La poblaci&#xF3;n en estudio estuvo conformada por 2 docentes, 1 directora y 79 estudiantes de Tercer Grado del Nivel B&#xE1;sico de la Escuela Profesora Thelma Mej&#xED;a. Se trabaj&#xF3; con la totalidad de la poblaci&#xF3;n.El estudio se evidencio que los docentes al desarrollar la pr&#xE1;ctica pedag&#xF3;gica no se apoyan de todas las estrategias disponibles para que los alumnos puedan lograr aprendizajes significativo en las &#xE1;reas de Lengua Espa&#xF1;ola y Matem&#xE1;tica, debido a que los docentes aun contin&#xFA;an desarrollando los enfoques pedag&#xF3;gicos tradicionales. Los an&#xE1;lisis realizados indican que la estrategia m&#xE1;s utilizada por los docentes es la exploraci&#xF3;n de los conocimientos previo, la interrogaci&#xF3;n de texto durante y despu&#xE9;s de la lectura y la observaci&#xF3;n de lamina. Se demostr&#xF3; que los docentes para producci&#xF3;n escrita implementan las estrategias de reproducci&#xF3;n de texto. En el &#xE1;rea de Matem&#xE1;tica no se observo la interpretaci&#xF3;n de ning&#xFA;n tipo de estrategias l&#xFA;dicas para favorecer el desarrollo de las competencias del razonamiento l&#xF3;gico-matem&#xE1;tico, para integrar las &#xE1;reas de Lengua Espa&#xF1;ola y Matem&#xE1;tica hacen uso de la estrategia de proyecto de aula.A la gesti&#xF3;n de la Escuela Profesora Thelma Mej&#xED;a se recomienda fortalecer el acompa&#xF1;amiento &#xE1;ulico para garantizar que lo abordado en las comunidades de aprendizaje del centro o en los talleres de capacitaci&#xF3;n que imparte el Distrito Educativo se lleve a la pr&#xE1;ctica pedag&#xF3;gica. Adem&#xE1;s, de implementar un plan de mejora para fortalecer la ense&#xF1;anza de la Lengua Espa&#xF1;ola y Matem&#xE1;tica, dar seguimiento a la integraci&#xF3;n curricular, principalmente a la integraci&#xF3;n de Lengua Espa&#xF1;ola y la Matem&#xE1;tica.&#xA0;</subfield>
  </datafield>
  <datafield tag="921" ind1=" " ind2=" ">
    <subfield code="a">16</subfield>
  </datafield>
  <datafield tag="922" ind1=" " ind2=" ">
    <subfield code="a">16</subfield>
  </datafield>
  <datafield tag="923" ind1=" " ind2=" ">
    <subfield code="a">0</subfield>
  </datafield>
  <datafield tag="924" ind1=" " ind2=" ">
    <subfield code="a">NO APLICA</subfield>
  </datafield>
  <datafield tag="942" ind1=" " ind2=" ">
    <subfield code="c">Tesis</subfield>
  </datafield>
  <datafield tag="999" ind1=" " ind2=" ">
    <subfield code="c">281</subfield>
    <subfield code="d">281</subfield>
  </datafield>
</record>
